| 000 | 00630nam a22002057a 4500 | ||
|---|---|---|---|
| 999 |
_c6210 _d6210 |
||
| 003 | AR-CdUCM | ||
| 008 | 190313b ||||| |||| 00| 0 eng d | ||
| 040 |
_aMUNICIPALIDAD PROVINCIAL DEL CUSCO _cBIBLIOTECA MUNICIPAL DEL CUSCO |
||
| 082 |
_a869.56 / _bZ47 |
||
| 100 |
_aZavaleta, Carlos Eduardo _910755 |
||
| 245 |
_aLos íngar : _bNovela / |
||
| 260 |
_aLima : _bVillanueva editores, _c1955. |
||
| 300 |
_a120 paginas ; _c21 cm, |
||
| 505 | _aContenido :Los ingar. | ||
| 650 |
_aNovelas peruanas _9545 |
||
| 650 |
_aLiteratura peruana _9169 |
||
| 650 |
_aLiteratura del siglo xx _97647 |
||
| 942 |
_2ddc _cLIBROS |
||
| 945 | _arum | ||